000
00392nam a22001697a 4500
003
MPLRDC
005
20220104114210.0
008
210129b ||||| |||| 00| 0 eng d
082
_a
857.45 JDF
100
_a
金东方
245
_a
逐鹿记
_c
260
_a
_b
金兰文化出版社
_c
1984
300
_b
平
490
_a
历史小说
650
_a
历史小说
942
_c
BK
_o
857.45 JDF
999
_c
5605
_d
5595